| 000 | 00966cam a2200325 i 4500 | ||
|---|---|---|---|
| 999 |
_c200452206 _d70418 |
||
| 003 | TR-AnTOB | ||
| 005 | 20230724090140.0 | ||
| 007 | ta | ||
| 008 | 070104s1977 njud 001 0 eng d | ||
| 020 | _a013227132X | ||
| 040 |
_aTR-AnTOB _beng _erda _cTR-AnTOB |
||
| 041 | 0 | _aeng | |
| 050 | 0 | 4 |
_aHB74.M3 _bB38 1977 |
| 090 |
_aHB74.M3 _bB38 1977 |
||
| 100 | 1 |
_aBaumol, William J. _eauthor _91771 |
|
| 245 | 1 | 0 |
_aEconomic theory and operations analysis : _cWilliam J.Baumol. |
| 250 | _aFourth edition | ||
| 264 | 1 |
_aNew Jersey : _bPrentice-Hall, _c[1977]. |
|
| 264 | 4 | _c©1977 | |
| 300 |
_a695 pages : _btables, charts, graphs ; _c23 cm |
||
| 336 |
_atext _btxt _2rdacontent |
||
| 337 |
_aunmediated _bn _2rdamedia |
||
| 338 |
_avolume _bnc _2rdacarrier |
||
| 500 | _aIncludes index. | ||
| 650 | 0 |
_aEconomics, Mathematical _91064 |
|
| 650 | 0 |
_aMathematical analysis _91768 |
|
| 650 | 0 |
_aOperations research _9783 |
|
| 942 |
_2lcc _cBK |
||